Central Library OPAC University of Rajshahi
Normal view MARC view

Entry Personal Name

Number of records used in: 2

001 - CONTROL NUMBER

  • control field: 5156

003 - CONTROL NUMBER IDENTIFIER

  • control field: BD-RjUL

005 - DATE AND TIME OF LATEST TRANSACTION

  • control field: 20221011095731.0

008 - FIXED-LENGTH DATA ELEMENTS

  • fixed length control field: 221011|| aca||aabn | a|a d

040 ## - CATALOGING SOURCE

  • Original cataloging agency: BD-RjUL
  • Transcribing agency: BD-RjUL

100 ## - HEADING--PERSONAL NAME

  • Personal name: Bramah, Ernest,
  • Dates associated with a name: 1868-1942

670 ## - SOURCE DATA FOUND

  • Source citation: Work cat.: (BD-RjUL)80501: Bramah, Ernest, 1868-1942., The wallet of Kai Lung /, 1936.